[Event "34th olm final"]
[Site "Istanbul"]
[Date "2000.11.12"]
[Round "14.3"]
[White "Delchev, Alexander"]
[Black "Hansen, Lars Bo"]
[Result "1/2-1/2"]
[WhiteElo "2548"]
[BlackElo "2562"]
[EventDate "2000.10.28"]
[WhiteTeam "Bulgaria"]
[BlackTeam "Denmark"]
[Annotator "Ribli"]
[PlyCount "170"]

1.c4 e6 2.g3 d5 3.Bg2 Nf6 4.Nf3 Be7 5.O-O O-O 6.d4 Nbd7 {Das ist die
sogenannte Geschlossene Variante. Die schwarze Strategie lautet: die
Stellung geschlossen halten, den Damenfluegel mit b6-Bb7 entwickeln und in
einem guenstigen Moment den Zug c6-c5 durchsetzen.} 7.b3 c6 8.Qc2 b6 9.Rd1
{Das ist eine bekannte, schlaue Zugfolge. Weiss legt sich noch nicht auf
die Entwicklung seiner Leichtfiguren am Damenfluegel fest. Im Falle von
Bb7 wird der Springer nach c3 entwickelt, im Falle von Ba6 - wie in der
Partie - nachd2.} 9...Ba6
    ( 9...Bb7 10.Nc3 )
10.Nbd2
    ( 10.Bb2 Rc8 11.Nc3 dxc4 =+ )
10...Rc8 {Schwarz bereitet c6-c5 vor. Das ist logisch, aber die sofortige
Durchsetzung des Zuges kommt auch stark in Betracht.}
    ( 10...c5!? 11.e4 dxc4 12.bxc4
        ( 12.Nxc4 cxd4 13.Nxd4 Rc8 14.Qe2 Qc7 15.Bf4 Bxc4 16.bxc4 e5 17.
        Nf5 Nc5
            ( 17...Rfe8!? 18.Bg5 h6 19.Bxf6 Nxf6 20.Ne3 = )
        18.Bd2 Ne6 19.Bc3 Bc5 20.Kh1 Rfd8
            ( 20...g6 21.f4 gxf5 22.Bxe5 Qe7 23.exf5 Ng7 ~ )
        21.f4! exf4 22.e5 {1-0 Filippov,V-Galkin,A/Russia (ch) 1998/OPN,
        E09/[Ribli] (38)} )
    12...cxd4 13.e5 Ng4 14.Qe4 h5 15.h3 Nc5 16.Qxd4 Nh6 17.Ba3 Qc7 18.Bxc5
    bxc5 19.Qc3 Rad8 {0-1 Huebner,R-Anand,V/Dortmund GER 2000/78
    multimedia (39)} )
11.e4 c5 12.exd5 exd5 13.Nf1!?
    ( 13.Bb2 )
13...dxc4
    ( 13...cxd4 14.Nxd4 b5 15.Ne3 bxc4 16.Nxd5 Nxd5 17.Bxd5 cxb3 18.Qxb3
    Bf6
        ( 18...Nc5 19.Qf3 Bf6 20.Ba3 Qa5 21.Rab1 Bxd4 22.Rxd4 Be2 23.Qxe2
        Qxa3 24.Qe7 {1-0 Sulava,N-Atalik,S/Cappelle La Grande FRA 2000
        (34)} )
    19.Ba3 Nc5 20.Bxc5 Rxc5 21.Ne6 {1-0 Stohl,I-Dydyshko,V/Zakopane chT
    2000/The Week in Chess 310 (26)} )
14.d5 Ne8 {Der Springer peilt das Blockadefeld d6 an.}
    ( 14...cxb3 15.axb3 Bxf1 16.Bxf1 Qc7
        ( 16...Ne8 17.Rxa7 Nd6 18.Bf4 $36 )
    17.Bf4 Bd6 18.Bxd6 Qxd6 19.Rxa7 Ra8
        ( 19...Nxd5? 20.Bc4 N7f6 21.Ng5 {Jetzt droht 22.Rxd5.} 21...g6 22.
        Bxd5 Nxd5 23.Ne4 Qb8
            ( 23...Nb4 24.Nxd6 Nxc2 25.Nxc8 Rxc8 26.Rdd7 +- )
            ( 23...Qe5 24.Rxd5 Qxd5 25.Nf6+ +- )
        24.Rd7 Nb4 25.Qc3 +- )
    20.Rxa8 Rxa8 21.Nh4 g6 22.Ng2 += )
15.bxc4 Nd6 16.Ne3 Re8
    ( 16...b5!? )
17.Bf1
    ( 17.a4!? += {Weiss verhindert b6-b5. Die Stellung ist geschlossen,
    aber Weiss hat spuerbar Raumvorteil.} )
17...b5 $132 18.Rb1
    ( 18.cxb5 Bxb5 19.Bxb5 Nxb5 20.Nc4 Nb6 )
18...bxc4
    ( 18...Rb8 )
19.Qa4 Bb7 20.Bd2 ~ {Weiss beschaeftigt sich nicht mit der Rueckeroberung
des Pc4, er moechte vielmehr den positionellen Druck erhoehen.}
    ( 20.Nxc4 Nb6 21.Qc2
        ( 21.Qxa7 Nbxc4 22.Bxc4 Rc7 23.Qa4 Nxc4 24.Qxc4 Rd7 = )
    21...h6 +=
        ( 21...Bxd5 22.Rxb6 Bxf3 23.Rbxd6 Bxd6 24.Rxd6 +/- )
    )
    ( 20.Qxa7? Ra8 )
20...Ra8
    ( 20...Nb6!? 21.Qxa7 Nxd5 22.Nxd5
        ( 22.Rxb7? Nxb7 23.Qxb7 Nxe3 24.fxe3 c3 -+ )
    22...Bxd5 23.Ba5 Ra8 24.Bxd8 Rxa7 25.Bxe7 Bxf3 26.Bxd6
        ( 26.Rxd6 Raxe7 27.Bxc4 Re1+ 28.Rxe1 Rxe1+ 29.Bf1 Kf8 $36 )
    26...Bxd1 27.Rxd1 Rd8 28.Re1
        ( 28.Bxc4? Rad7 -+ )
    28...c3 29.Bxc5 Rxa2 =+ )
21.Ba5 Nb6 22.Qc2 Bc8 {Schwarz moechte seine Laeuferstellung verbessern.}
    ( 22...Bf6!? )
23.Ne5 Bf6 24.N5xc4 {Weiss gewinnt den Bauern zurueck.} 24...Ndxc4 25.Nxc4
{Weiss scheint dank seiner Initiative am Damenfluegel besser zu stehen.}
25...Bg4 $132 26.Rd2 Bd4
    ( 26...Nxc4?! 27.Bxd8 Nxd2 28.Qxd2 +/- )
27.Nxb6 axb6 28.Bxb6 Qxd5 {Die Stellung ist materiell ausgeglichen,
Schwarz hat keine Probleme.} 29.Bg2 Bf3? {Dieser automatische Zug verliert
einen Bauern.}
    ( 29...Qe6! 30.Bxa8
        ( 30.Bxc5? Bf5 -+ )
    30...Bf5 31.Qb3 Bxb1 = )
30.Bxf3 Qxf3 31.Bxc5 Bxc5 32.Qxc5 += {Weiss hat einen Mehrbauern, aber da
der a- Bauer gar nicht gefaehrlich ist, hat Schwarz bei gutem Spiel
ausgezeichnete Remischancen.} 32...h5 {Schwarz moechte seine Grundlinie
oeffnen und droht eventuell h5-h4 mit Bauerntausch.} 33.h4 Ra4
    ( 33...g6 += )
34.Qc7 Raa8
    ( 34...Rea8?! 35.Rd8+ Rxd8 36.Qxd8+ Kh7 37.Rb3 Qe4 38.Qg5 g6 39.Qf6
    +/- )
35.Rdb2 Kh7 36.Rb3 Qd5 37.Qc2+ Kg8
    ( 37...g6 += )
38.a3 g6 39.Rd1 Qe6 40.Rf3 Rec8 41.Qd2 Rc7 {Alles in der schwarzen
Stellung ist verteidigt - es gibt keine Schwaechen.} 42.Qd4 Rca7 43.Rdd3
Qe7 44.Rde3 Qf8 45.Qb2 {Weiss verteidigt den Pa3, aber das ist auch schon
alles, er hat keine Hoffnung zu a3-a4 zu kommen.} 45...Qd6 46.Rf6 Qd1+ 47.
Kh2 Rc7 48.Qa2 Kg7 49.Ref3 Raa7 {Schwarz verteidigt seine einzige
Schwaeche, den Pf7.} 50.Qb2 Kh7 51.Qe5 Re7 52.Qf4 Qa1 53.Qc4 Kg7 {Droht
eventuell 54...Qxf6 und Schwarz bekommt zwei Tuerme fuer die Dame.} 54.
R6f4 Rac7 55.Qd5 Rcd7 56.Qc4 Rc7 57.Qd4+ {Das Turmendspiel hat Weiss auch
nichts zu bieten, andererseits kommt er sonst auch nicht dazu, seine
Stellung zu verbessern.} 57...Qxd4 58.Rxd4 Rc2 59.Ra4 Re6 {Schwarz kann
ein Turmpaar tauschen, wonach eine aus der Theorie bekannte Remisstellung
entsteht.}
    ( 59...Ra2 )
60.Kg2 Ra2 61.Ra7
    ( 61.Raf4 Re7 )
61...Rf6 62.Rxf6 Kxf6 = {Man findet dieses Endspiel in jedem
Endspiellehrbuch. Die Stellung ist theoretisch Remis, denn Weiss kommt
nicht voran. Der schwarze Turm steht ausgezeichnet auf a2 und kontrolliert
gleichzeitig den a-Bauern und die weissen Bauern am Koenigsfluegel.} 63.
Kf3 Kg7 64.Ke3 Kf6 65.f3 Ra1 {Die Zone a2-a1 ist ideal fuer den schwarzen
Turm.} 66.Ra4 Kg7! {Nach diesem Zug kann Weiss seine Turmstellung nicht
verbessern.}
    ( 66...Ra2? 67.Rf4+ Kg7 68.a4 +/- )
67.Ke4 Re1+ 68.Kf4 Ra1 69.Ke5 Rg1 {So sieht die schwarze Verteidigung aus
- wenn der weisse Koenig sich fort begibt, greift der schwarze Turm die
Bauern am Koenigsfluegel an.} 70.Kf4 Ra1 71.Ra7 Kf6 {Wenn die Drohung Rf4+
nicht mehr besteht, darf der schwarze Koenig auf f6 erscheinen.} 72.Ke3
Ra2 73.Ra4 Kg7! 74.Ra5 Kf6 75.g4 {Dieser Zug bietet nichts, aber es gibt
keinen anderen Gewinnversuch.} 75...hxg4 76.fxg4 Rh2 77.h5 Rh3+
    ( 77...gxh5?! 78.Rxh5 Ra2 79.Ra5 += {In der Partie bekommen wir eine
    aehnliche Stellung, aber mit dem h-Bauern, und das ist viel einfacher
    fuer Schwarz.} )
78.Kf4 gxh5 79.gxh5 Rh4+ 80.Kg3 Rc4 {Das Material ist reduziert, der
weisse Mehrbauer hat keine Bedeutung.} 81.Ra6+ Kg7 82.h6+ Kh7 83.Rf6 Rc3+
84.Rf3 Rc7
    ( 84...Rxf3+?? 85.Kxf3 Kxh6 86.a4 +- )
85.a4 Ra7 1/2-1/2